000 00540nam a22001817a 4500
005 20241129190959.0
008 241129b |||||||| |||| 00| 0 eng d
020 _a9780072930276
050 _aQD31.3
_b.C38
100 _aChang, Raymond
245 _aChemistry/
_cRaymond Chang with Brandon Cruickshank
250 _a8th ed.
260 _aBoston
_bMcGraw Hill Higher Education
_c2005
300 _axxxii.1039. various paging
_bill. some color
_c26cm
650 _2Chemistry
700 _aCruickshank, Brandon
942 _2lcc
_cBK
_e8th ed.
_n0
999 _c1788
_d1788